[Event "CZE-chT2A 1617"]
[Site "Czech Republic"]
[Date "2017.01.29"]
[Round "7.6"]
[White "Pospech, Radim"]
[Black "Ptacnik, Stanislav"]
[Result "1/2-1/2"]
[WhiteElo "2074"]
[BlackElo "2034"]
[PlyCount "93"]
[EventDate "2016.10.09"]
[EventType "team-tourn"]
[EventRounds "11"]
[EventCountry "CZE"]
[SourceTitle "EXT 2022"]
[Source "ChessBase"]
[SourceDate "2021.10.06"]
[SourceVersion "1"]
[SourceVersionDate "2021.10.06"]
[SourceQuality "1"]
[WhiteTeam "Praha Dukla"]
[BlackTeam "Domazlice"]
[WhiteTeamCountry "CZE"]
[BlackTeamCountry "CZE"]

1. d4 Nf6 2. c4 e6 3. Nf3 c5 4. e3 Be7 5. Nc3 0-0 6. Be2 d5 7. 0-0 a6 8. a4 Nc6 9. b3 b6 10. Bb2 Bb7 11. Ne5 Qc7 12. Nxc6 Bxc6 13. cxd5 exd5 14. Rc1 Rfe8 15. Qd2 Qb7 16. Bf3 Rad8 17. Qc2 Bf8 18. Rfd1 Rc8 19. Qf5 Ne4 20. Bxe4 dxe4 21. d5 Bd7 22. Qf4 Qb8 23. Qh4 Qe5 24. Rc2 Qf5 25. Ne2 Qg4 26. Qxg4 Bxg4 27. Kf1 Rcd8 28. h3 Bc8 29. Nc3 f5 30. Ke2 Be7 31. f4 exf3+ 32. gxf3 Bg5 33. e4 fxe4 34. fxe4 Bxh3 35. Kf3 h5 36. Re1 Bg4+ 37. Kg3 Bf6 38. Rf2 Bd4 39. Rd2 Rf8 40. Nd1 Rf3+ 41. Kg2 Bxb2 42. Rxb2 g5 43. Nf2 Rf4 44. Re3 Bc8 45. Rd2 Kg7 46. a5 Rf6 47. Nd3 1/2-1/2

[Event "Wch Seniors 50 26th"]
[Site "Marianske Lazne"]
[Date "2016.11.19"]
[Round "1"]
[White "Ptacnik, Stanislav"]
[Black "Mohr, Georg"]
[Result "0-1"]
[WhiteElo "2037"]
[BlackElo "2461"]
[PlyCount "58"]
[EventDate "2016.11.19"]
[EventType "swiss"]
[EventRounds "11"]
[EventCountry "CZE"]
[SourceTitle "CBM 175 Extra"]
[Source "ChessBase"]
[SourceDate "2016.12.12"]
[SourceVersion "1"]
[SourceVersionDate "2016.12.12"]
[SourceQuality "1"]

1. e4 g6 2. d4 Bg7 3. Nc3 d6 4. Be2 a6 5. Nf3 Nd7 6. 0-0 b5 7. a3 Bb7 8. Re1 c5 9. d5 Ngf6 10. Bf1 0-0 11. h3 Nb6 12. Bg5 Re8 13. Nh2 h6 14. Bh4 Qd7 15. f4 e6 16. Ng4 Nxg4 17. hxg4 exd5 18. exd5 Rxe1 19. Bxe1 Re8 20. Qf3 b4 21. axb4 cxb4 22. Bf2 bxc3 23. Bxb6 cxb2 24. Rb1 Qa4 25. c3 Qc2 26. Qd3 Qxd3 27. Bxd3 Bxc3 28. Bc7 Bxd5 29. Bxd6 Ba2 0-1

[Event "Tatry op"]
[Site "Tatranske Zruby"]
[Date "2012.09.24"]
[Round "2"]
[White "Kebis, Milos"]
[Black "Ptacnik, Stanislav"]
[Result "0-1"]
[WhiteElo "2002"]
[BlackElo "2089"]
[PlyCount "50"]
[EventDate "2012.09.23"]
[EventType "swiss"]
[EventRounds "9"]
[EventCountry "SVK"]
[SourceTitle "CBM 150 Extra"]
[Source "ChessBase"]
[SourceDate "2012.10.19"]
[SourceVersion "1"]
[SourceVersionDate "2012.10.19"]
[SourceQuality "1"]

1. e4 e5 2. Nf3 Nc6 3. Bb5 a6 4. Ba4 Nf6 5. 0-0 b5 6. Bb3 Bb7 7. Ng5 d5 8. exd5 Nd4 9. Re1 Bd6 10. d3 Nxd5 11. Nf3 0-0 12. Bg5 Qd7 13. Nxd4 exd4 14. Nd2 h6 15. Bh4 Nf4 16. Ne4 Rae8 17. Bg3 Kh8 18. Qd2 Nxg2 19. Kxg2 f5 20. f3 fxe4 21. fxe4 Bc8 22. Kh1 Bxg3 23. hxg3 Re5 24. Rf1 Qh3+ 25. Kg1 Qxg3+ 0-1

[Event "Tatry op"]
[Site "Tatranske Zruby"]
[Date "2012.09.23"]
[Round "1"]
[White "Ptacnik, Stanislav"]
[Black "Gibiec, Ernest"]
[Result "0-1"]
[WhiteElo "2089"]
[BlackElo "2229"]
[PlyCount "68"]
[EventDate "2012.09.23"]
[EventType "swiss"]
[EventRounds "9"]
[EventCountry "SVK"]
[SourceTitle "CBM 150 Extra"]
[Source "ChessBase"]
[SourceDate "2012.10.19"]
[SourceVersion "1"]
[SourceVersionDate "2012.10.19"]
[SourceQuality "1"]

1. e4 d6 2. d4 Nf6 3. Nc3 g6 4. Be2 Bg7 5. Be3 c5 6. d5 Qa5 7. Bd2 0-0 8. h4 h5 9. Nh3 Bxh3 10. Rxh3 Nbd7 11. f3 a6 12. a4 Rfc8 13. Kf1 c4 14. Qc1 Qd8 15. a5 e6 16. Bg5 Qf8 17. Ra4 exd5 18. exd5 b5 19. axb6 Nxb6 20. Ra5 Nfd7 21. Be3 Re8 22. Kf2 Qe7 23. Qd2 Qf6 24. Nd1 Nc5 25. Kg1 Rxe3 26. Nxe3 Qd4 27. Qxd4 Bxd4 28. Kf1 Bxe3 29. g4 Bd2 30. Ra1 Nxd5 31. gxh5 gxh5 32. Rg3+ Kf8 33. Kg1 Bf4 34. Rg2 Ne3 0-1

[Event "CZE-chT2A 1112"]
[Site "Czech Republic"]
[Date "2012.03.25"]
[Round "10"]
[White "Janocko, Petr"]
[Black "Ptacnik, Stanislav"]
[Result "1-0"]
[WhiteElo "2093"]
[BlackElo "2096"]
[PlyCount "84"]
[EventDate "2011.10.09"]
[EventType "team-tourn"]
[EventRounds "11"]
[EventCountry "CZE"]
[SourceTitle "EXT 2013"]
[Source "ChessBase"]
[SourceDate "2012.11.22"]
[SourceVersion "1"]
[SourceVersionDate "2012.11.22"]
[SourceQuality "1"]
[WhiteTeam "Plzen Letna"]
[BlackTeam "Domazlice"]
[WhiteTeamCountry "CZE"]
[BlackTeamCountry "CZE"]

1. d4 Nf6 2. c4 c5 3. d5 e6 4. Nc3 exd5 5. cxd5 d6 6. Nf3 g6 7. g3 Bg7 8. Bg2 0-0 9. 0-0 Re8 10. Bf4 Nh5 11. Bg5 Bf6 12. Qd2 Bg4 13. Bxf6 Qxf6 14. h3 Bc8 15. Nb5 Qe7 16. Qh6 a6 17. Ng5 Nf6 18. Nc3 Nbd7 19. e4 Qf8 20. Qxf8+ Kxf8 21. Rae1 Ne5 22. f4 Nd3 23. Re2 h6 24. Nf3 b5 25. e5 Nh5 26. Kh2 b4 27. Ne4 dxe5 28. fxe5 Nxe5 29. Nxe5 Rxe5 30. Ref2 f5 31. Nxc5 Ra7 32. Nd3 Re3 33. Nxb4 Nxg3 34. Rc1 Bd7 35. Nc6 Rc7 36. Rc3 Rxc3 37. bxc3 Nh5 38. Rb2 Nf4 39. Rb8+ Kg7 40. d6 Rxc6 41. Bxc6 Bxc6 42. Rc8 Ba4 1-0

[Event "CZE-chT2A 1112"]
[Site "Czech Republic"]
[Date "2012.02.05"]
[Round "7"]
[White "Ptacnik, Stanislav"]
[Black "Gschwendtner, Stanislav"]
[Result "1/2-1/2"]
[WhiteElo "2096"]
[BlackElo "2011"]
[PlyCount "82"]
[EventDate "2011.10.09"]
[EventType "team-tourn"]
[EventRounds "11"]
[EventCountry "CZE"]
[SourceTitle "EXT 2013"]
[Source "ChessBase"]
[SourceDate "2012.11.22"]
[SourceVersion "1"]
[SourceVersionDate "2012.11.22"]
[SourceQuality "1"]
[WhiteTeam "Domazlice"]
[BlackTeam "Klatovy"]
[WhiteTeamCountry "CZE"]
[BlackTeamCountry "CZE"]

1. e4 c5 2. Nf3 d6 3. c3 Nf6 4. Be2 e5 5. 0-0 Nc6 6. d3 g6 7. h3 Bg7 8. Na3 0-0 9. Bg5 h6 10. Be3 a6 11. Nc2 b5 12. Nh2 Kh7 13. f4 exf4 14. Bxf4 d5 15. Bf3 Be6 16. Qe1 Qb6 17. Qf2 d4 18. cxd4 cxd4 19. g4 Nd7 20. Be2 Nde5 21. Nf3 Nxf3+ 22. Qxf3 Rad8 23. Qg3 Rd7 24. Ne1 f5 25. exf5 gxf5 26. g5 hxg5 27. Qxg5 Bf6 28. Qh5+ Kg8 29. Kh2 Rh7 30. Rg1+ Kh8 31. Qf3 Ne5 32. Qg3 Ng4+ 33. Kg2 Ne3+ 34. Kh2 Ng4+ 35. Kh1 Bh4 36. Be5+ Nxe5 37. Qxe5+ Bf6 38. Qh2 f4 39. Bg4 Bxg4 40. Rxg4 Qc6+ 41. Qg2 Rxh3+ 1/2-1/2

[Event "CZE-chT2A 1011"]
[Site "Czech Republic"]
[Date "2011.03.06"]
[Round "9"]
[White "Ptacnik, Stanislav"]
[Black "Svoboda, Vaclav1111"]
[Result "1/2-1/2"]
[WhiteElo "2109"]
[BlackElo "2266"]
[PlyCount "55"]
[EventDate "2010.10.17"]
[EventType "team-tourn"]
[EventRounds "11"]
[EventCountry "CZE"]
[SourceTitle "EXT 2012"]
[Source "ChessBase"]
[SourceDate "2011.11.24"]
[SourceVersion "1"]
[SourceVersionDate "2011.11.24"]
[SourceQuality "1"]
[WhiteTeam "Domazlice"]
[BlackTeam "Praha Oaza"]
[WhiteTeamCountry "CZE"]
[BlackTeamCountry "CZE"]

1. e4 c5 2. Nf3 e6 3. b3 b6 4. Bb2 Bb7 5. Nc3 d6 6. d4 cxd4 7. Qxd4 Nc6 8. Bb5 Nge7 9. Qe3 a6 10. Be2 b5 11. a3 Ng6 12. h4 h6 13. 0-0-0 Qc7 14. Nd4 Be7 15. Bh5 Nxd4 16. Qxd4 Rg8 17. Bxg6 fxg6 18. e5 0-0-0 19. Qg4 Kb8 20. Qxe6 dxe5 21. Nd5 Bxd5 22. Rxd5 Rxd5 23. Qxd5 Re8 24. Re1 Bf6 25. Kb1 Qb7 26. Bxe5+ Ka8 27. Qxb7+ Kxb7 28. Bc3 1/2-1/2

[Event "Tatry op"]
[Site "Tatranske Zruby"]
[Date "2010.10.09"]
[Round "9"]
[White "Jancura, Andrej"]
[Black "Ptacnik, Stanislav"]
[Result "1/2-1/2"]
[WhiteElo "1945"]
[BlackElo "2109"]
[PlyCount "117"]
[EventDate "2010.10.02"]
[EventType "swiss"]
[EventRounds "9"]
[EventCountry "SVK"]
[SourceTitle "CBM 138 Extra"]
[Source "ChessBase"]
[SourceDate "2010.10.29"]
[SourceVersion "1"]
[SourceVersionDate "2010.10.29"]
[SourceQuality "1"]

1. d4 Nf6 2. c4 e6 3. g3 c5 4. Nf3 cxd4 5. Nxd4 d5 6. Bg2 e5 7. Nb3 d4 8. 0-0 Nc6 9. Bg5 Be7 10. N1d2 0-0 11. Bxf6 Bxf6 12. Nc1 Bf5 13. Nd3 Re8 14. Ne4 Be7 15. a3 a5 16. Qd2 Bg6 17. g4 Qc8 18. h3 h6 19. b4 f5 20. gxf5 Bxf5 21. b5 Nd8 22. Ng3 Bxh3 23. Bd5+ Kh8 24. Nxe5 Bf5 25. Qf4 Bf6 26. Qxf5 Qxf5 27. Nxf5 Rxe5 28. Ng3 Ne6 29. Bxe6 Rxe6 30. Rac1 b6 31. c5 bxc5 32. Rxc5 Be7 33. Rc6 Rxc6 34. bxc6 Bxa3 35. Nf5 Rc8 36. Ra1 Bb4 37. Nxd4 Bc3 38. Ra4 Bxd4 39. Rxd4 Rxc6 40. Rd8+ Kh7 41. Ra8 Rc5 42. f4 Kg6 43. Kf2 h5 44. e4 h4 45. Kf3 h3 46. Kg3 Rc3+ 47. Kh2 Ra3 48. Ra6+ Kh5 49. f5 Kh4 50. Ra7 Ra2+ 51. Kh1 Re2 52. Rxg7 Rxe4 53. f6 Rf4 54. Rh7+ Kg4 55. Rg7+ Kf3 56. Ra7 a4 57. Kh2 Kg4 58. Ra8 Kg5 59. f7 1/2-1/2

[Event "Tatry op"]
[Site "Tatranske Zruby"]
[Date "2010.10.02"]
[Round "1"]
[White "Demeter, Peter"]
[Black "Ptacnik, Stanislav"]
[Result "1-0"]
[WhiteElo "2246"]
[BlackElo "2109"]
[PlyCount "137"]
[EventDate "2010.10.02"]
[EventType "swiss"]
[EventRounds "9"]
[EventCountry "SVK"]
[SourceTitle "CBM 138 Extra"]
[Source "ChessBase"]
[SourceDate "2010.10.29"]
[SourceVersion "1"]
[SourceVersionDate "2010.10.29"]
[SourceQuality "1"]

1. c4 Nf6 2. Nf3 c5 3. g3 b6 4. Bg2 Bb7 5. 0-0 g6 6. Nc3 Bg7 7. d3 d5 8. Ne5 0-0 9. e4 d4 10. Ne2 Nxe4 11. Nxf7 Rxf7 12. dxe4 Nd7 13. Nf4 Ne5 14. b3 Qd6 15. Nd3 Nxd3 16. Qxd3 e5 17. Bd2 Raf8 18. f3 a6 19. Rfc1 Bc6 20. Rab1 a5 21. a3 Ra8 22. Rc2 Qf8 23. g4 Rb7 24. b4 axb4 25. axb4 Rba7 26. Rcb2 Ra3 27. Qf1 Qd8 28. bxc5 bxc5 29. Qc1 Be8 30. Rb8 Rxb8 31. Rxb8 Qxb8 32. Qxa3 Bf8 33. Bf1 Bf7 34. Bd3 Kg7 35. Kf2 Qd8 36. Kg3 Be7 37. Qc1 Be6 38. h3 Qb8 39. Qa3 Qb6 40. h4 Qd8 41. Qa7 Kg8 42. g5 Bc8 43. f4 Bd6 44. Kf2 exf4 45. e5 Bxe5 46. Qxc5 Qc7 47. Qd5+ Kg7 48. c5 Bb7 49. Qe6 Bc8 50. Qd5 Bb7 51. Qe6 Bc8 52. Qb6 Qxb6 53. cxb6 Bb7 54. Be2 d3 55. Bxd3 Bd4+ 56. Kf1 f3 57. Bf4 Kf7 58. Bc4+ Ke7 59. Bc7 Kd7 60. Bg3 Kc6 61. Bg8 Ba6+ 62. Ke1 Bd3 63. Bxh7 Be4 64. Bf2 Kc5 65. Bxd4+ Kxd4 66. Kf2 Kc5 67. Bxg6 Bd5 68. h5 Kxb6 69. h6 1-0

[Event "CZE-chT2A 0910"]
[Site "Czech Republic"]
[Date "2009.11.17"]
[Round "4.4"]
[White "Ptacnik, Stanislav"]
[Black "Eret, Jaroslav"]
[Result "1/2-1/2"]
[WhiteElo "2116"]
[BlackElo "2156"]
[PlyCount "20"]
[EventDate "2009.10.18"]
[EventType "team-tourn"]
[EventRounds "11"]
[EventCountry "CZE"]
[SourceTitle "EXT 2012"]
[Source "ChessBase"]
[SourceDate "2011.11.24"]
[SourceVersion "1"]
[SourceVersionDate "2011.11.24"]
[SourceQuality "1"]
[WhiteTeam "Domazlice"]
[BlackTeam "Klatovy"]
[WhiteTeamCountry "CZE"]
[BlackTeamCountry "CZE"]

1. e4 e6 2. d4 d5 3. exd5 exd5 4. Bd3 Bd6 5. c3 c6 6. Nf3 Bg4 7. 0-0 Qc7 8. h3 Bh5 9. Nbd2 Ne7 10. Qc2 Bg6 1/2-1/2

[Event "Tatry op"]
[Site "Tatranske Zruby"]
[Date "2009.10.03"]
[Round "8"]
[White "Palka, Miroslav"]
[Black "Ptacnik, Stanislav"]
[Result "0-1"]
[WhiteElo "1976"]
[BlackElo "2116"]
[PlyCount "56"]
[EventDate "2009.09.27"]
[EventType "swiss"]
[EventRounds "9"]
[EventCountry "SVK"]
[SourceTitle "EXT 2011"]
[Source "ChessBase"]
[SourceDate "2010.11.26"]
[SourceVersion "1"]
[SourceVersionDate "2010.11.26"]
[SourceQuality "1"]

1. c4 e5 2. Nc3 Nf6 3. e4 Bb4 4. Nge2 c6 5. a3 Be7 6. d4 Qa5 7. Bd2 exd4 8. Nxd4 0-0 9. Nf5 Qd8 10. e5 Ne8 11. Bd3 d6 12. Qc2 Bxf5 13. Bxf5 g6 14. exd6 Nxd6 15. Bd3 Bg5 16. 0-0-0 Nd7 17. h4 Bf6 18. h5 Ne5 19. hxg6 fxg6 20. Ne4 Nxd3+ 21. Qxd3 Nxe4 22. Qxe4 Qb6 23. Qe6+ Rf7 24. b4 Qd4 25. Rde1 Rd8 26. Qe3 Qb2+ 27. Kd1 Rfd7 28. Qe6+ Kf8 0-1

[Event "Tatry op"]
[Site "Tatranske Zruby"]
[Date "2009.10.01"]
[Round "6"]
[White "Borosova, Zuzana"]
[Black "Ptacnik, Stanislav"]
[Result "1-0"]
[WhiteElo "2295"]
[BlackElo "2116"]
[PlyCount "67"]
[EventDate "2009.09.27"]
[EventType "swiss"]
[EventRounds "9"]
[EventCountry "SVK"]
[SourceTitle "EXT 2011"]
[Source "ChessBase"]
[SourceDate "2010.11.26"]
[SourceVersion "1"]
[SourceVersionDate "2010.11.26"]
[SourceQuality "1"]

1. e4 c5 2. Nf3 d6 3. d4 cxd4 4. Nxd4 Nf6 5. Nc3 g6 6. Be3 Bg7 7. f3 0-0 8. Qd2 Nc6 9. Bc4 Bd7 10. 0-0-0 Rc8 11. Bb3 Ne5 12. Kb1 Nc4 13. Bxc4 Rxc4 14. g4 b5 15. h4 b4 16. Nce2 e5 17. Nb3 Nxg4 18. fxg4 Bxg4 19. Qd3 Bxe2 20. Qxe2 Rxe4 21. Qd2 Bf6 22. h5 g5 23. h6 Be7 24. Rhg1 g4 25. Qd3 f5 26. Nd2 Rxe3 27. Qxe3 a5 28. Nc4 Kh8 29. Nxe5 Bg5 30. Qa7 Qe7 31. Qxe7 Bxe7 32. Nc6 Bh4 33. Rdf1 Rf6 34. Nd4 1-0

[Event "CZE-chT2A 0809"]
[Site "Czech Republic"]
[Date "2008.12.07"]
[Round "4.5"]
[White "Stluka, Petr"]
[Black "Ptacnik, Stanislav"]
[Result "1/2-1/2"]
[WhiteElo "2170"]
[BlackElo "2142"]
[PlyCount "62"]
[EventDate "2008.10.12"]
[EventType "team-tourn"]
[EventRounds "11"]
[EventCountry "CZE"]
[SourceTitle "EXT 2010"]
[Source "ChessBase"]
[SourceDate "2010.11.25"]
[SourceVersion "1"]
[SourceVersionDate "2010.11.25"]
[SourceQuality "1"]
[WhiteTeam "Pribram Pyrit"]
[BlackTeam "Zizkov"]
[WhiteTeamCountry "CZE"]
[BlackTeamCountry "CZE"]

1. g3 e5 2. Bg2 d5 3. c4 d4 4. d3 Nc6 5. Nf3 Nf6 6. b3 a5 7. 0-0 Bc5 8. Na3 0-0 9. Nc2 Qe7 10. Bg5 h6 11. Bxf6 Qxf6 12. a3 Qe7 13. Qc1 Bg4 14. Re1 f5 15. Nd2 e4 16. f3 Bh5 17. fxe4 f4 18. Bf3 fxg3 19. hxg3 Qg5 20. Nf1 Qxc1 21. Rexc1 Bxf3 22. exf3 Rxf3 23. Ne1 Rf6 24. Nh2 Raf8 25. Rc2 Bd6 26. Kg2 Rg6 27. Nf1 Rgf6 28. Nh2 Rg6 29. Nf1 h5 30. Nf3 Ne5 31. Nh4 Rgf6 1/2-1/2

[Event "Tatry op"]
[Site "Tatranske Zruby"]
[Date "2007.09.27"]
[Round "7"]
[White "Ptacnik, Stanislav"]
[Black "Krutina, Miroslav"]
[Result "1/2-1/2"]
[WhiteElo "2123"]
[BlackElo "1975"]
[PlyCount "24"]
[EventDate "2007.09.22"]
[EventType "swiss"]
[EventRounds "9"]
[EventCountry "SVK"]
[SourceTitle "CBM 120 Extra"]
[Source "ChessBase"]
[SourceDate "2007.11.01"]
[SourceVersion "1"]
[SourceVersionDate "2007.11.01"]
[SourceQuality "1"]

1. Nf3 Nf6 2. g3 g6 3. b3 Bg7 4. Bb2 0-0 5. Bg2 c6 6. 0-0 d5 7. d4 Nbd7 8. Nbd2 b6 9. Re1 Bb7 10. e4 dxe4 11. Nxe4 Nxe4 12. Rxe4 c5 1/2-1/2